|
|
|
|
| LEADER |
00902nam a22002532a 4500 |
| 001 |
001177689 |
| 003 |
CZ BrMZK |
| 005 |
20120516081331.0 |
| 007 |
ta |
| 008 |
111031s1977 xo er|||||||||||slo d |
| 040 |
|
|
|a BOA001
|b cze
|
| 100 |
1 |
|
|a Turek, Ivan
|7 jk01140441
|4 aut
|
| 245 |
1 |
0 |
|a Zbierka úloh z mechaniky :
|b pomocná učebnica pre 1. až 3. ročník stredných priemyselných škôl strojníckych /
|c Ivan Turek, Oldřich Skala, Jozef Haluška
|
| 250 |
|
|
|a 1. vyd.
|
| 260 |
|
|
|a Bratislava :
|b Alfa,
|c 1977
|
| 300 |
|
|
|a 401 s.
|
| 490 |
1 |
|
|a Edícia strojárskej literatúry
|
| 700 |
1 |
|
|a Skala, Oldřich
|7 jk01111432
|4 aut
|
| 700 |
1 |
|
|a Haluška, Jozef
|7 stk2007394112
|4 aut
|
| 830 |
|
0 |
|a Edícia strojárskej literatúry (Alfa)
|0 s
|
| 910 |
|
|
|a BOA001
|b 2-0775.456
|
| 990 |
|
|
|a BK
|
| 991 |
|
|
|b 201110
|
| 996 |
7 |
|
|b 2619495804
|c 2-0775.456
|l MZK
|r Sklad / do 1 hodiny
|n 0
|w 001211161
|u 000010
|a 1
|e BOA001
|j MZK50
|s A
|